000 00263nam a2200109Ia 4500
008 190914s9999||||xx |||||||||||||| ||und||
100 _aLouise Barnfield
245 0 _aOracle Education
260 _aNew Jersey
_bWorld Scientific
_c2001
300 _a348
942 _cBK
999 _c8572
_d8572